书目信息 |
| 题名: |
食品机械与设备
|
|
| 作者: | 张佰清 , 李勇 主编 | |
| 分册: | ||
| 出版信息: | 郑州 郑州大学出版社 2012.01 |
|
| 页数: | 404页 | |
| 开本: | 26cm | |
| 丛书名: | ||
| 单 册: | ||
| 中图分类: | TS203 | |
| 科图分类: | ||
| 主题词: | 食品加工设备--高等教育--教材 , 食品加工设备 | |
| 电子资源: | ||
| ISBN: | 978-7-5645-0589-9 | |
| 000 | 00931nam0 2200265 45 | |
| 001 | 1355398827 | |
| 005 | 20130513110937.04 | |
| 010 | @a978-7-5645-0589-9@dCNY42.00 | |
| 100 | @a20130108d2012 em y0chiy50 ea | |
| 101 | 0 | @achi |
| 102 | @aCN@b410000 | |
| 105 | @aa z 000yy | |
| 106 | @ar | |
| 200 | 1 | @a食品机械与设备@AShi Pin Ji Xie Yu She Bei@f张佰清,李勇主编@FZhang Bai Qing, Li Yong Zhu Bian |
| 210 | @a郑州@c郑州大学出版社@d2012.01 | |
| 215 | @a404页@c图@d26cm | |
| 300 | @a普通高等教育食品类专业“十二五”规划教材 高等学校食品类国家特色专业建设教材 | |
| 330 | @a本书系统介绍了现代食品工业常见机械设备的基本工作原理、基本结构、性能特点、选型及操作要点等方面的内容。 | |
| 606 | 0 | @a食品加工设备@x高等教育@j教材 |
| 606 | 0 | @a食品加工设备 |
| 690 | @aTS203@v5 | |
| 701 | 0 | @a张佰清@AZhang Bai Qing@4主编 |
| 701 | 0 | @a李勇@ALi Yong@4主编 |
| 801 | @aCN@bTANGWEI@c20130111 | |
| 905 | @b0830983-85@dTS203@e146@f3 | |
| 食品机械与设备/张佰清,李勇主编.-郑州:郑州大学出版社,2012.01 |
| 404页:图;26cm |
| 普通高等教育食品类专业“十二五”规划教材 高等学校食品类国家特色专业建设教材 |
| ISBN 978-7-5645-0589-9:CNY42.00 |
| 本书系统介绍了现代食品工业常见机械设备的基本工作原理、基本结构、性能特点、选型及操作要点等方面的内容。 |
| ● |
| 相关链接 |
|
|
|
|
正题名:食品机械与设备
索取号:TS203/146
 
预约/预借
| 序号 | 登录号 | 条形码 | 馆藏地/架位号 | 状态 | 备注 |
| 1 | 0830983 | 208309837 | 第二样本阅览室/ [索取号:TS203/146] | 在馆 | |
| 2 | 0830984 | 208309846 | 第三借阅区/ [索取号:TS203/146] | 在馆 | |
| 3 | 0830985 | 208309855 | 第三借阅区/ [索取号:TS203/146] | 在馆 |